00545 a2200169 450000100060000002000180000604000220002410000310004624000340007724500290011130000080014036200090014865000830015794200070024095201110024799900170035867876 a9788561328016 cAnchieta - Pituba aCampos, Maria Dolores Coni10aConversas com as babáslpor10aConversas com as babás a1760 a2007 4aRetórica da ficção (Incluindo retórica dos contos, novelas e romances) cBK 00104070a91.1b91.1d2023-11-21l0o808.3 C198c CAM CONp22916/PITr2023-11-21 18:35:51w2023-11-21yBK c67876d67876